00238nam a2200097Ia 4500001000800000005001700008008004100025020001800066245003800084260001800122127609720260417160440.0260417s9999 xx 000 0 und d a9786256698864 0aPalyaço BalığıcAlan Durant bKetebe Genç